| 000 | 00991nam a2200277Ia 4500 | ||
|---|---|---|---|
| 005 | 20220317001005.0 | ||
| 008 | 160825s2009 sp a g 000 0 spa | ||
| 020 | _a97884801937012 | ||
| 082 | 0 | 4 |
_a790.196 _bA18 |
| 100 | 1 | _aRíos Hernández, Mercedes | |
| 245 | 1 | 0 |
_aActividad física adaptada _bel juego y los alumnos con discapacidad _cMercedes Ríos Hernández |
| 250 | _a5a. edición | ||
| 300 |
_a182 páginas _bilustraciones _c21 cm |
||
| 490 | _aActividades sencillas | ||
| 650 | 1 | 4 |
_2LEMB _aJuegos educativos |
| 650 | 1 | 4 |
_2LEMB _aJuegos en grupo |
| 650 | 1 | 4 |
_2LEMB _aEducación física _xTerapias |
| 650 | 1 | 4 |
_aInnovaciones educativas _2LEMB |
| 740 |
_aJuegos específicos _aJuegos motrices sensibilizadores _aLa integración en los juegos |
||
| 942 |
_2ddc _cBK |
||
| 264 |
_aBarcelona _bPaidotribo _c2009 |
||
| 336 |
_atexto _btxt _2rdacontent |
||
| 337 |
_asin mediación _bn _2rdamedia |
||
| 338 |
_avolumen _bnc _2rdacarrier |
||
| 040 |
_aCO-BoRNBP _bspa _erda _cCO-BoRNBP |
||
| 999 |
_c5607 _d5607 |
||